Statistiken für Berühmte Sänger die für Disney Filme gesungen haben

Klicken Sie hier um das Quiz zu spielen!

Allgemein

  • Dieses Quiz wurde 308 mal gespielt
  • Das Durchschnittsergebnis liegt bei 4 aus 11

Antwortstatistiken

Sänger/BandDisney Film% Korrekt
Phil CollinsTarzan
79%
Elton JohnDer König der Löwen
69%
ShakiraZoomania/Zootopia
54%
Will SmithAladdin (2019)
48%
Christina AguileraMulan
36%
Mulan (2020)
36%
BeyoncéDer König der Löwen (2019)
34%
Bären Brüder
29%
Lana Del RayMaleficent
8%
AKB48Ralph Reichts
7%
P!nkAlice in Wunderland: Hinter dem Spiegel (2016)
1%

Verteilung der Resultate

Perzentil nach korrekt beantworteten Fragen

Anzahl Personen mit jedem Resultat

Ihre Resultats-Entwicklung

Sie haben dieses Quiz noch nicht gespielt